000 01007nam a22003371i 4500
001 0783646
003 DO-SdBNP
005 20240719134030.0
008 900725s2000 sp spa
010 _a 0783646
017 _a
_b
020 _a8420457256
_c
035 _a
035 _a
040 _aBPMSU
_bspa
_cBPMSU
082 4 _a823.83
_bD548p 2000
_222
100 1 _aDickens, Charles
_d1812-1870
_c author.
_4
240 1 0 _aLittle Dorrit
_lespañol
245 1 3 _aLa pequeña Dorrit /
_h
_c Carlos Dickens ; ilustraciones Francisco Solé
250 _a2ª ed.
260 _aBarcelona :
_bAfaguara,
_c2000
300 _a223 p. :
_bil. ;
_c23 cm
490 0 _aHistorias de siempre
_v16
590 _aInventariado, 2024/VM
650 4 _aNovela inglesa
650 4 _a Prisión por deudas
_vNovela
700 1 _aRodoreda Sayol, María Víctoria
_d1931-2010
_etraductor
700 1 _a Solé, Francisco
_eilustración
910 _aVMateo V. Control de calidad. BPMSU
942 _2ddc
_cBK
999 _c9893
_d9893